LEADER 00834nab a2200157 i 4500 001 000000263330 003 CaOOAMICUS 005 20051229000000.0 008 051229n xx uu u0 0und r 013 $a4893 040 $aSeMil$bita 245 12$aL'altra Bangkok :$bin baraccopoli cresce il popolo della fraternitą. - 85, VIII p. - Contiene : Servizio PUM, Pontificia Unione Missionaria. - Titolo principale dalla copertina. 500 $aDICEMBRE 2005. 773 0 $t[2005 : Giugno-Dicembre].$dMilano : PIMEdit, 2005.$w()141462 774 0 $tDal Sinodo sull'Eucaristia l'appello alla missione ad gentes. - In.$w()304871 996 $6245$aL'altra Bangkok :$bin baraccopoli cresce il popolo della fraternitą. - 85, VIII p. - Contiene : Servizio PUM, Pontificia Unione Missionaria. - Titolo principale dalla copertina.$9(OLS)http://semarc/title/356473 LEADER 00813nam a2200217 i 4500 001 000000201097 003 CaOOAMICUS 005 20240516123915.0 008 110419s19uu it u000 u ita u 013 $a179798 040 $aSeMil$bita 245 10$aMaria Carolina in Sicilia :$b(lettere inedite di un suo confidente) 260 $a[S.l. :$bs.n.,$c190?] 300 $aP. 57-69 ;$c23 cm. 500 $aEstratto da «La rassegna nazionale», vol. 128. 773 0 $t[Miscellanea.$w()24790 850 $aSeMil 852 $aSeMil$W1$xVenegono$y1$m5B II 3/33 FA$j248233$B151626$CSeMilBibl$Z2$F162826 $8I 996 $6245$aMaria Carolina in Sicilia :$b(lettere inedite di un suo confidente)$9(OLS)http://semarc/title/290961 996 $6260$a[S.l. :$bs.n.$9(OLS)http://semarc/publisher/31686